| 000 | 02176nam a22003257a 4500 | ||
|---|---|---|---|
| 999 |
_c21833 _d21833 |
||
| 003 | AR-CdUCM | ||
| 008 | 190425b ||||| |||| 00| 0 spa d | ||
| 040 |
_aMUNICIPALIDAD PROVINCIAL DEL CUSCO _cBIBLIOTECA MUNICIPAL DEL CUSCO |
||
| 082 | _aRev.Andi/N°6/1985 | ||
| 110 |
_aCentro Bartolomé de Las Casas _93293 |
||
| 245 |
_aRevista andina / _cCentro de estudios rurales andinos Bartolomé de Las Casas Cusco |
||
| 260 |
_aCusco : _bCentro Bartolomé de Las Casas, _c1985. |
||
| 300 |
_a343-621 páginas. : _c23 cm. |
||
| 440 |
_aPublicación Semestral del Centro Bartolomé de Las Casas Cusco. _nAño 3, Número 6, N°2, Segundo semestre 1985. _946321 |
||
| 505 | _aContenido: La nación y la historia regional en los países andinos 1870- 1930. Germán Colmenares. -- Dos vías de desarrollo capitalista en la agricultura o Crítica de la razón chayanoviano marxizante. David Lehmann. -- La adaptación de la dominación incaica a las sociedades autóctonas de la frontera septentrional del Imperio territorio Otavalo Ecuador. Chantal Caillavet. -- “Algún día todo se andará los movimientos étnicos en Charcas siglos XVII. Thierry Saignes. -- Violencia cotidiana de los naturales de Quispicanchis, Canas y Canchis en el siglo XVIII. Ward A. Stavig. -- La encomienda de Songo Suri Oyune el proceso de un iceberg. Geneviève Tranchand. -- Presentación en forma reiterativa del drama quechua la Muerte de Atahualpa. Teodoro L. Meneses. -- Panorama de la lingüística andina. Rodolfo Cerrón Palomino. -- Recursos para la investigación en estudios andinos en la Lilly Library de la Universidad de Indiana. Rebecca C. Gibson. | ||
| 650 |
_aComunidades campesinas _92214 |
||
| 650 |
_aEconomía campesina _92215 |
||
| 650 |
_aCultura andina _946295 |
||
| 650 |
_aIdioma Quechua _927790 |
||
| 650 |
_aAgricultura andina _919072 |
||
| 650 |
_aLevantamientos andinos _944095 |
||
| 650 |
_aLingüística andina _946322 |
||
| 700 |
_aColmenares, Germán _946323 |
||
| 700 |
_aLehmann, David _946298 |
||
| 700 |
_aCaillavet, Chantal _946307 |
||
| 700 |
_aSaignes, Thierry _946301 |
||
| 700 |
_aCerrón Palomino, Rodolfo _97429 |
||
| 942 |
_2ddc _cPP |
||
| 945 | _arac | ||